Prof. G Ram Reddy Library

The IMO compendium (Record no. 81057)

MARC details
000 -LEADER
fixed length control field 00589nam a2200193Ia 4500
003 - CONTROL NUMBER IDENTIFIER
control field LDD
008 - FIXED-LENGTH DATA ELEMENTS--GENERAL INFORMATION
fixed length control field 181029s9999 xx 000 0 und d
020 ## - INTERNATIONAL STANDARD BOOK NUMBER
International Standard Book Number 387242996
Terms of availability E62.95
040 ## - CATALOGING SOURCE
Transcribing agency LDD
100 ## - MAIN ENTRY--PERSONAL NAME
Personal name Djukic, Dusan
245 #4 - TITLE STATEMENT
Title The IMO compendium
Remainder of title a collection of problems suggested for the international mat
Statement of responsibility, etc. Dusan Djukic
260 ## - PUBLICATION, DISTRIBUTION, ETC.
Place of publication, distribution, etc. New York
Name of publisher, distributor, etc. Springer
Date of publication, distribution, etc. 2006
300 ## - PHYSICAL DESCRIPTION
Extent xiv, 740p.
365 ## - TRADE PRICE
Price amount E 62.95
901 ## - LOCAL DATA ELEMENT A, LDA (RLIN)
a 4090
b 09-01-2008
902 ## - LOCAL DATA ELEMENT B, LDB (RLIN)
a INV-4659
b 19-02-2008
c F
d ASIAN
e 51
903 ## - LOCAL DATA ELEMENT C, LDC (RLIN)
a Discount-15
b Reqst by : S. Venkataraman
942 ## - ADDED ENTRY ELEMENTS (KOHA)
Source of classification or shelving scheme Dewey Decimal Classification
Koha item type Books
Holdings
Withdrawn status Lost status Source of classification or shelving scheme Damaged status Not for loan Home library Current library Total Checkouts Full call number Barcode Date last seen Cost, replacement price Price effective from Koha item type
No   Dewey Decimal Classification     Library and Documentation Division Library and Documentation Division   510.76 Im6 064390 11/01/2018 3688.24 11/01/2018 Books

© Prof. G Ram Reddy Centre Library, Indira Gandhi National Open University, Maidan Garhi, New Delhi, 110068
+91-011-29532797 | FAX+91-011-29533393 |